Floyd Mayweather Jr. Fights Quiz - Statistics

General Stats
  • This quiz has been taken 147 times
  • The average score is 16 of 50
Answer Stats
# Date Opponent Record % Correct
48 May 2nd, 2015 Manny Pacquiao 57-5-2
96%
50 August 26th, 2017 Conor McGregor Debut
92%
45 September 14th, 2013 Saul Alvarez 42-0-1
88%
39 December 8th, 2007 Ricky Hatton 43-0-0
78%
38 May 25th, 2007 Oscar De La Hoya 38-4-0
74%
41 May 1st, 2010 Shane Mosley 46-5-0
73%
49 September 12th, 2015 Andre Berto 30-3-0
71%
46 May 3rd, 2014 Marcos Maidana 35-3-0
66%
47 September 13th, 2014 Marcos Maidana 35-4-0
66%
43 May 5th, 2012 Miguel Cotto 37-2-0
62%
40 September 19th, 2009 Juan Manuel Marquez 50-4-1
58%
44 May 4th, 2013 Robert Guerrero 31-1-1
55%
42 September 17th, 2011 Victor Ortiz 29-2-2
54%
36 April 8th, 2006 Zab Judah 34-3-0
49%
34 June 25th, 2005 Arturo Gatti 39-6-0
48%
28 April 20th, 2002 Jose Luis Castillo 45-4-1
48%
29 December 7th, 2002 Jose Luis Castillo 46-5-1
48%
26 May 26th, 2001 Carlos Hernandez 33-2-1
34%
18 October 3rd, 1998 Genaro Hernandez 38-1-1
34%
25 January 20th, 2001 Diego Corrales 33-0-0
31%
9 July 12th, 1997 Jesus Chavez 1-13-1
31%
27 November 10th, 2001 Jesus Chavez 35-1-0
31%
37 November 4th, 2006 Carlos Manuel Baldomir 43-9-6
30%
24 October 21st, 2000 Emanuel Augustus 22-16-4
26%
32 May 22nd, 2004 DeMarcus Corley 28-2-1
20%
21 May 22nd, 1999 Justin Juuko 33-2-1
15%
35 November 19th, 2005 Sharmba Mitchell 56-4-0
14%
19 December 19th, 1998 Angel Manfredy 25-2-1
13%
11 October 14th, 1997 Felipe Garcia 14-18-1
13%
33 January 22nd, 2005 Henry Bruseles 21-2-1
13%
31 November 1st, 2003 Phillip Ndou 31-1-0
12%
1 October 11th, 1996 Roberto Apodaca Debut
11%
10 September 6th, 1997 Louie Leija 18-3-1
9%
17 June 14th, 1998 Tony Pep 39-6-0
9%
20 February 7th, 1999 Carlos Alberto Ramon Rios 44-2-1
8%
23 March 18th, 2000 Gregorio Vargas 40-6-1
8%
5 March 12th, 1997 Kino Rodriguez 9-9-2
8%
30 April 19th, 2003 Victoriano Sosa 35-2-2
7%
2 November 30th, 1996 Reggie Sanders 1-1-0
6%
7 May 5th, 1997 Tony Duran 12-15-1
6%
22 September 11th, 1999 Carlos Gerena 34-2-0
5%
16 April 18th, 1998 Gustavo Fabian Cuello 20-7-0
5%
13 January 9th, 1998 Hector Arroyo 16-4-2
5%
3 January 18th, 1997 Jerry Cooper 6-3-0
5%
12 November 20th, 1997 Angelo Nunez 14-11-3
4%
6 April 12th, 1997 Bobby Giepert 19-8-0
4%
8 June 14th, 1997 Larry O'Shields 12-3-1
4%
15 March 23rd, 1998 Miguel Melo 8-1-0
4%
14 February 28th, 1998 Sam Girard 17-4-1
4%
4 February 1st, 1997 Edgar Ayala Debut
3%
No matching quizzes found
Score Distribution
Percent of People with Each Score
Percentile by Number Answered
Your Score History
You have not taken this quiz